| 000 | 00000nam 2200000zi 4500 |
| 001 | 9.902439 |
| 003 | CaOODSP |
| 005 | 20221107175948 |
| 006 | m o d f |
| 007 | cr cn||||||||| |
| 008 | 210811t20212021onca ob f000 0 fre d |
| 020 | |z9780660373300|q(incorrect) |
| 040 | |aCaOODSP|bfre|erda|cCaOODSP |
| 043 | |an-cn--- |
| 086 | 1 |aMR4-47/2021F-PDF|zMR4-93/2021F |
| 110 | 2 |aInstitut des services et des politiques de la santé (Canada)|eauteur, |eorganisme de publication. |
| 245 | 10|aPlan stratégique 2021-2026 : |baccélérer la transformation du système de soins de santé par la recherche pour atteindre les quatre objectifs et l'équité de la santé pour tous. |
| 264 | 1|a[Toronto] : |bIRSC, Institut des services et des politiques de la santeĢ = CIHR, Institute of Health Services and Policy Research, |c[2021] |
| 264 | 4|c©2021 |
| 300 | |a1 ressource en ligne (29 pages) : |billustrations en couleur |
| 336 | |atexte|btxt|2rdacontent/fre |
| 337 | |ainformatique|bc|2rdamedia/fre |
| 338 | |aressource en ligne|bcr|2rdacarrier/fre |
| 500 | |aPublié aussi en anglais sous le titre : Strategic plan 2021-2026 : accelerate health system transformation through research to achieve the quadruple aim and health equity for all. |
| 500 | |aPublié aussi en format HTML. |
| 504 | |aComprend des références bibliographiques. |
| 610 | 26|aInstitut des services et des politiques de la santé (Canada)|xPlanification. |
| 775 | 08|tStrategic plan 2021-2026 : |w(CaOODSP)9.902437 |
| 856 | 40|qPDF|s6.18 Mo|uhttps://publications.gc.ca/collections/collection_2021/irsc-cihr/MR4-47-2021-fra.pdf |
| 856 | 4 |qHTML|sS.O.|uhttps://cihr-irsc.gc.ca/f/52481.html |